[Event "4NCL Division Four"]
[Site "Daventry, ENG"]
[Date "2023.01.07"]
[Round "3.135"]
[White "Punde, Aiyush"]
[Black "Joyce, Brian"]
[Result "0-1"]
[WhiteElo "550"]
[BlackElo "1350"]
[PlyCount "56"]
[EventDate "2023.01.07"]
[WhiteTeam "Cambridge University Y2"]
[BlackTeam "Celtic Tigers 3"]

1. e4 d6 2. d4 g6 3. Nf3 Nf6 4. Nc3 Bg7 5. Bd3 Nbd7 6. O-O c6 7. Be3 O-O 8. Re1
h6 9. h3 Re8 10. Qd2 Kh7 11. d5 e5 12. dxc6 bxc6 13. Nh2 Nc5 14. Ng4 Nxg4 15.
hxg4 Bxg4 16. Be2 Bxe2 17. Rxe2 Qh4 18. Qxd6 Nxe4 19. Nxe4 Qxe4 20. Qd7 f5 21.
f3 Qc4 22. Kf2 f4 23. Bd2 Rad8 24. Qxa7 e4 25. Bxf4 exf3 26. gxf3 Rxe2+ 27. Kg3
g5 28. Bc7 Qh4# 0-1

[Event "4NCL Division Four"]
[Site "Daventry, ENG"]
[Date "2023.01.07"]
[Round "3.136"]
[White "Osseiran, Nadim"]
[Black "Wang, Luoling"]
[Result "1-0"]
[WhiteElo "1178"]
[BlackElo "500"]
[PlyCount "57"]
[EventDate "2023.01.07"]
[WhiteTeam "Celtic Tigers 3"]
[BlackTeam "Cambridge University Y2"]

1. e4 e5 2. Nf3 Nc6 3. Bb5 d6 4. Bxc6+ bxc6 5. d4 Be7 6. dxe5 Bg4 7. O-O d5 8.
Qd3 Nh6 9. Be3 O-O 10. Bxh6 gxh6 11. Nd4 Bh4 12. Nf5 dxe4 13. Qxd8 Raxd8 14.
Nxh6+ Kg7 15. Nxg4 Rd7 16. Ne3 Rfd8 17. Nc3 a6 18. Nf5+ Kg6 19. Nxh4+ Kh5 20.
Nf5 Rd2 21. Ne3 R2d4 22. Ne2 f6 23. Nxd4 Rxd4 24. Rfe1 Rb4 25. e6 Rb8 26. e7
Ra8 27. Rad1 Ra7 28. e8=Q+ Kh6 29. Rd7 1-0

[Event "4NCL Division Four"]
[Site "Daventry, ENG"]
[Date "2023.01.07"]
[Round "3.141"]
[White "Joseph, Tomy"]
[Black "Burke, Mitchell R"]
[Result "0-1"]
[WhiteElo "1584"]
[BlackElo "2028"]
[PlyCount "52"]
[EventDate "2023.01.07"]
[WhiteTeam "Watford B"]
[BlackTeam "Average Wood Pushers B"]

1. e4 c5 2. Nf3 d6 3. c3 Nf6 4. Be2 g6 5. d4 Nxe4 6. O-O Bg7 7. Bb5+ Bd7 8.
Bxd7+ Nxd7 9. Re1 Nef6 10. Qe2 cxd4 11. cxd4 e6 12. Bf4 Qb6 13. Nc3 O-O 14. Nb5
Ne8 15. a4 a6 16. a5 Qxb5 17. Qxb5 axb5 18. b4 Ndf6 19. Rac1 Nd5 20. Bd2 Nec7
21. Rc2 Na6 22. Rb2 Rfc8 23. Reb1 Rc4 24. Kf1 Rac8 25. Ke2 Bxd4 26. Nxd4 Rxd4
0-1

[Event "4NCL Division Four"]
[Site "Daventry, ENG"]
[Date "2023.01.07"]
[Round "3.142"]
[White "Hilton, Tim"]
[Black "Dairi, Ramsey"]
[Result "1-0"]
[WhiteElo "2005"]
[BlackElo "1499"]
[PlyCount "73"]
[EventDate "2023.01.07"]
[WhiteTeam "Average Wood Pushers B"]
[BlackTeam "Watford B"]

1. c4 f5 2. Nc3 Nf6 3. g3 e5 4. d4 e4 5. Bg2 Bb4 6. Bd2 Bxc3 7. Bxc3 d5 8. Nh3
O-O 9. Nf4 c6 10. Qb3 g5 11. Nh3 h6 12. e3 Nbd7 13. cxd5 cxd5 14. f4 Nb6 15.
fxg5 hxg5 16. Bb4 Re8 17. Nxg5 Ng4 18. Nh3 Bd7 19. Ba5 Ba4 20. Bxb6 axb6 21.
Qc3 Rc8 22. Qa3 Ra8 23. Nf4 Bc2 24. Qc3 Rc8 25. Qd2 Bd3 26. Rc1 Rxc1+ 27. Qxc1
Re7 28. Qd2 Ba6 29. h3 Nh6 30. Kf2 Nf7 31. Rc1 Qd6 32. Rc8+ Kg7 33. Qd1 Bb5 34.
Qh5 Re8 35. Rxe8 Bxe8 36. Qxf5 Bc6 37. Ne6+ 1-0

[Event "4NCL Division Four"]
[Site "Daventry, ENG"]
[Date "2023.01.07"]
[Round "3.143"]
[White "Tomy, Jake"]
[Black "Smith, Jonathan D"]
[Result "1-0"]
[WhiteElo "1325"]
[BlackElo "1705"]
[PlyCount "79"]
[EventDate "2023.01.07"]
[WhiteTeam "Watford B"]
[BlackTeam "Average Wood Pushers B"]

1. e4 g6 2. d4 Bg7 3. Nf3 d6 4. Nc3 Nf6 5. Be2 O-O 6. O-O c6 7. Re1 Qc7 8. Bf4
Nh5 9. Be3 e5 10. Qd2 b5 11. a3 Rd8 12. Rad1 Nd7 13. d5 a6 14. dxc6 Nb6 15.
Bxb6 Qxb6 16. Nd5 Qa7 17. Qa5 Bg4 18. Ng5 Bxe2 19. Rxe2 Nf6 20. c7 Rd7 21. Rc1
Ne8 22. c4 Nxc7 23. Nb6 Rad8 24. Nxd7 Rxd7 25. Nf3 Bh6 26. Rcc2 bxc4 27. Rxc4
Ne6 28. Rec2 g5 29. h3 Bf8 30. Rc6 Nc5 31. b4 Nxe4 32. Qxa6 f6 33. Qxa7 Rxa7
34. Ra2 d5 35. b5 Bc5 36. a4 d4 37. Nd2 Nc3 38. Rxc5 Nxa2 39. b6 Rb7 40. Rc8+
1-0

[Event "4NCL Division Four"]
[Site "Daventry, ENG"]
[Date "2023.01.07"]
[Round "3.144"]
[White "Burgess, Dan"]
[Black "Tomy, Judith"]
[Result "1-0"]
[WhiteElo "1520"]
[BlackElo "1243"]
[PlyCount "45"]
[EventDate "2023.01.07"]
[WhiteTeam "Average Wood Pushers B"]
[BlackTeam "Watford B"]

1. d4 d5 2. Nf3 Nf6 3. Bf4 c5 4. c3 Nc6 5. e3 Qb6 6. Nbd2 e6 7. Ne5 Be7 8. Bd3
O-O 9. Rb1 c4 10. Bc2 Rd8 11. Ndf3 h6 12. h3 Ne4 13. h4 Nf6 14. g4 Bd6 15. g5
Ne4 16. gxh6 gxh6 17. Bxh6 Ne7 18. h5 Nf5 19. Rg1+ Kh7 20. Bxe4 dxe4 21. Ng5+
Kxh6 22. Ngxf7+ Kh7 23. Qg4 1-0

[Event "4NCL Division Four"]
[Site "Daventry, ENG"]
[Date "2023.01.07"]
[Round "3.145"]
[White "Manavalan, Keerthi Kumar"]
[Black "Popova, Svetlana"]
[Result "1-0"]
[WhiteElo "1335"]
[BlackElo "1257"]
[PlyCount "109"]
[EventDate "2023.01.07"]
[WhiteTeam "Watford B"]
[BlackTeam "Average Wood Pushers B"]

1. e4 e5 2. Nf3 Nc6 3. Bc4 Bc5 4. O-O d6 5. h3 Be6 6. Bb3 Nf6 7. d3 O-O 8. Bg5
h6 9. Bh4 Qd7 10. Bxf6 Nd4 11. Bxe6 fxe6 12. Bh4 Qf7 13. Nbd2 Nxf3+ 14. Nxf3 c6
15. c3 b5 16. Bg3 g5 17. d4 Bb6 18. dxe5 d5 19. exd5 cxd5 20. Nd4 a6 21. Qg4
Rae8 22. Rad1 h5 23. Qxg5+ Kh8 24. Qf6+ Qg7 25. Qxg7+ Kxg7 26. h4 Kg6 27. Rd3
b4 28. Rf3 Rxf3 29. Nxf3 bxc3 30. bxc3 Ba5 31. c4 dxc4 32. Rc1 c3 33. Rc2 Kf5
34. Ng5 Kg4 35. Kf1 Kf5 36. f3 Re7 37. Ne4 Rg7 38. a3 Rb7 39. Nd6+ Kg6 40. Nxb7
Bb6 41. Rxc3 Bd4 42. Rc6 Kf5 43. Rxa6 Bxe5 44. Bxe5 Kxe5 45. Nd8 Kf5 46. Rxe6
Kf4 47. Kf2 Kf5 48. a4 Kf4 49. a5 Kf5 50. a6 Kf4 51. a7 Kf5 52. a8=Q Kf4 53.
Qa4+ Kf5 54. Qa5+ Kf4 55. Re4# 1-0

[Event "4NCL Division Four"]
[Site "Daventry, ENG"]
[Date "2023.01.07"]
[Round "3.146"]
[White "Abbas, Rana"]
[Black "Dairi, Mahmoud"]
[Result "0-1"]
[WhiteElo "1061"]
[BlackElo "1000"]
[PlyCount "82"]
[EventDate "2023.01.07"]
[WhiteTeam "Average Wood Pushers B"]
[BlackTeam "Watford B"]

1. e4 e5 2. Nf3 Nc6 3. c3 Nf6 4. d3 Bc5 5. Qd2 d6 6. h3 Bd7 7. b4 Bb6 8. Na3 a6
9. Nc2 Qe7 10. Ba3 h6 11. h4 Ng4 12. O-O-O Nxf2 13. Be2 Nxd1 14. Kxd1 Be6 15.
Ne3 Bxe3 16. Qxe3 Bxa2 17. c4 Bb3+ 18. Kc1 O-O 19. g4 Qf6 20. Kd2 Qf4 21. Qxf4
exf4 22. g5 h5 23. Kc3 Ba4 24. Bc1 a5 25. bxa5 Nxa5 26. Nd4 g6 27. Bxf4 Bd7 28.
Ra1 Nc6 29. Rxa8 Rxa8 30. Nxc6 Bxc6 31. Bc1 Ra2 32. Bd1 Rh2 33. c5 Rxh4 34.
cxd6 cxd6 35. Kd4 Rh1 36. Bf4 Rxd1 37. Bxd6 h4 38. Kc4 h3 39. Bg3 b5+ 40. Kd4
b4 41. Ke3 b3 0-1

[Event "4NCL Division Four"]
[Site "Daventry, ENG"]
[Date "2023.01.07"]
[Round "3.151"]
[White "Evans, Christopher J"]
[Black "Onley, David E"]
[Result "0-1"]
[WhiteElo "1732"]
[BlackElo "2160"]
[PlyCount "74"]
[EventDate "2023.01.07"]
[WhiteTeam "Oxford 4"]
[BlackTeam "War and Piece A"]

1. e4 c5 2. Nf3 e6 3. g3 b6 4. Bg2 Bb7 5. Qe2 d6 6. d4 cxd4 7. Nxd4 Nf6 8. c4
Nc6 9. Nc2 Rc8 10. O-O Be7 11. Nc3 O-O 12. Rd1 Qc7 13. b3 a6 14. Bb2 Ne5 15. h3
Qb8 16. f4 Nc6 17. Kh2 Rfd8 18. Ne3 Na7 19. a4 Nd7 20. b4 Rc7 21. f5 Ne5 22.
fxe6 fxe6 23. Rac1 Bg5 24. Ba1 Rf8 25. Rc2 Rcf7 26. Ng4 Nf3+ 27. Kh1 Nc6 28.
Na2 h5 29. b5 hxg4 30. bxc6 Bxc6 31. Nc3 Bf6 32. Bxf3 gxf3 33. Qxf3 Bxc3 34.
Qxc3 Bxe4+ 35. Kg1 Bxc2 36. Qxc2 e5 37. Qg6 Qc8 0-1

[Event "4NCL Division Four"]
[Site "Daventry, ENG"]
[Date "2023.01.07"]
[Round "3.152"]
[White "Thurlow, Kevin J"]
[Black "Kocan, Barry A"]
[Result "1-0"]
[WhiteElo "2030"]
[BlackElo "1633"]
[PlyCount "55"]
[EventDate "2023.01.07"]
[WhiteTeam "War and Piece A"]
[BlackTeam "Oxford 4"]

1. c4 c5 2. Nc3 Nf6 3. Nf3 g6 4. d4 cxd4 5. Nxd4 Bg7 6. e4 d6 7. Be2 O-O 8. Be3
Bd7 9. f3 Nc6 10. Qd2 a6 11. g4 Nxd4 12. Bxd4 e5 13. Be3 Bc6 14. Rd1 Ne8 15. h4
f6 16. c5 Qa5 17. Bc4+ Kh8 18. h5 g5 19. h6 dxc5 20. hxg7+ Nxg7 21. Qh2 h5 22.
gxh5 Rfd8 23. h6 Rxd1+ 24. Kxd1 Ne8 25. Qh5 Qd8+ 26. Kc1 Qe7 27. Bxc5 Qxc5 28.
Qf7 1-0

[Event "4NCL Division Four"]
[Site "Daventry, ENG"]
[Date "2023.01.07"]
[Round "3.153"]
[White "Rumsby, Stephen"]
[Black "Barnes, David"]
[Result "0-1"]
[WhiteElo "1605"]
[BlackElo "1774"]
[PlyCount "56"]
[EventDate "2023.01.07"]
[WhiteTeam "Oxford 4"]
[BlackTeam "War and Piece A"]

1. e4 c5 2. Nc3 d6 3. f4 e6 4. Nf3 Nc6 5. Bb5 Qc7 6. O-O Bd7 7. d3 a6 8. Bxc6
Bxc6 9. Qe1 Be7 10. Qg3 Nf6 11. Qxg7 Rg8 12. Qh6 Rg6 13. Qh3 O-O-O 14. Ng5 Rg7
15. Nxf7 Rdg8 16. Ng5 Bd7 17. Rf2 Qb6 18. b3 h6 19. Nf3 Ng4 20. Re2 Be8 21. f5
Bf6 22. Bd2 Bc6 23. Rae1 c4+ 24. Kf1 cxb3 25. axb3 Qc5 26. d4 Bxd4 27. Nxd4
Qxd4 28. Qd3 Nxh2# 0-1

[Event "4NCL Division Four"]
[Site "Daventry, ENG"]
[Date "2023.01.07"]
[Round "3.154"]
[White "Tenin, Aleksander"]
[Black "Maton, Emily"]
[Result "1/2-1/2"]
[WhiteElo "2110"]
[BlackElo "1695"]
[PlyCount "62"]
[EventDate "2023.01.07"]
[WhiteTeam "War and Piece A"]
[BlackTeam "She Plays To Win Lionesses"]

1. e4 c5 2. Nf3 d6 3. Nc3 Nc6 4. Bc4 Nf6 5. d4 cxd4 6. Nxd4 g6 7. Nxc6 bxc6 8.
e5 Ng4 9. e6 f5 10. Bf4 Bg7 11. Qd2 Ne5 12. Bb3 Ba6 13. Bh6 Bf6 14. O-O-O Ng4
15. Bf4 Qb6 16. f3 Ne5 17. Bg5 Bxg5 18. Qxg5 Nc4 19. Rhe1 Qc7 20. g4 O-O-O 21.
gxf5 Ne5 22. Qe3 gxf5 23. Rg1 Rdg8 24. h3 Qb6 25. Rxg8+ Rxg8 26. Qh6 Nxf3 27.
Qxh7 Qe3+ 28. Kb1 Qg5 29. a4 Rg7 30. Qh8+ Rg8 31. Qh7 Rg7 1/2-1/2

[Event "4NCL Division Four"]
[Site "Daventry, ENG"]
[Date "2023.01.07"]
[Round "3.155"]
[White "Rida, Ruqayyah"]
[Black "Tucker, David S"]
[Result "0-1"]
[WhiteElo "1413"]
[BlackElo "1993"]
[PlyCount "129"]
[EventDate "2023.01.07"]
[WhiteTeam "She Plays To Win Lionesses"]
[BlackTeam "War and Piece A"]

1. e4 c5 2. Nf3 Nc6 3. d4 cxd4 4. Nxd4 g6 5. c4 Bg7 6. Be3 Nf6 7. Nc3 Ng4 8.
Qxg4 Nxd4 9. Qd1 e5 10. Bd3 b6 11. O-O O-O 12. Re1 Bb7 13. Nd5 Ne6 14. Rc1 f5
15. f3 d6 16. b4 Rc8 17. Qb3 Bxd5 18. cxd5 Nd4 19. Bxd4 exd4 20. Rc6 Bh6 21.
exf5 Be3+ 22. Kh1 Qh4 23. g3 Qh5 24. Rf1 gxf5 25. Qc2 Rcd8 26. Rc7 a5 27. g4
Qh3 28. gxf5 Rxf5 29. Qg2+ Qxg2+ 30. Kxg2 Rg5+ 31. Kh1 axb4 32. Bxh7+ Kh8 33.
f4 Rg7 34. Rxg7 Kxg7 35. Bd3 Rc8 36. Kg2 Rc3 37. Be4 Ra3 38. Bb1 Ra5 39. Kf3
Rxd5 40. Kg4 d3 41. Kf3 d2 42. Bc2 Bd4 43. Bb3 Rh5 44. Kg2 Kf6 45. h4 Rh7 46.
Bd1 Rg7+ 47. Bg4 Ra7 48. Rb1 Bc3 49. h5 Rxa2 50. Kh3 Rc2 51. Rg1 Rc1 52. Bd1 b3
53. Rg6+ Kf5 54. Bxb3 d1=Q 55. Bxd1 Rxd1 56. Rg2 Rh1+ 57. Kg3 Be1+ 58. Kf3 Rxh5
59. Rg8 Bb4 60. Rf8+ Ke6 61. Kg4 Rh7 62. f5+ Ke7 63. Rb8 Rg7+ 64. Kf4 Bc5 65.
Rb7+ 0-1

[Event "4NCL Division Four"]
[Site "Daventry, ENG"]
[Date "2023.01.07"]
[Round "3.156"]
[White "O'Byrne, Daniel"]
[Black "Eccleston, Bryony"]
[Result "1-0"]
[WhiteElo "1718"]
[BlackElo "1027"]
[PlyCount "71"]
[EventDate "2023.01.07"]
[WhiteTeam "War and Piece A"]
[BlackTeam "She Plays To Win Lionesses"]

1. e4 e5 2. Nc3 Nf6 3. f4 d6 4. Nf3 Nc6 5. Bc4 Nd4 6. fxe5 Nxf3+ 7. Qxf3 dxe5
8. d3 a6 9. Bg5 Be7 10. h3 b5 11. Bb3 Qd4 12. O-O-O c6 13. g4 Qd6 14. Be3 h6
15. d4 exd4 16. Rxd4 Qc7 17. Rhd1 c5 18. Nd5 Qb7 19. Nxf6+ Bxf6 20. Bd5 Qb6 21.
R4d2 Ra7 22. e5 Bxe5 23. Bc6+ Ke7 24. Qd5 Bd4 25. Bxd4 cxd4 26. Rxd4 Qc7 27.
Re1+ Kf6 28. Qf3+ Kg6 29. Be4+ Kg5 30. Rd5+ f5 31. Rxf5+ Bxf5 32. Qxf5+ Kh4 33.
Qh5+ Kg3 34. g5 Qf4+ 35. Kb1 Qf2 36. Qg4+ 1-0

[Event "4NCL Division Four"]
[Site "Daventry, ENG"]
[Date "2023.01.07"]
[Round "3.157"]
[White "Latypova, Olga L"]
[Black "Foster, Cyril"]
[Result "1-0"]
[WhiteElo "1696"]
[BlackElo "1756"]
[PlyCount "57"]
[EventDate "2023.01.07"]
[WhiteTeam "She Plays To Win Lionesses"]
[BlackTeam "Oxford 4"]

1. e4 c5 2. Nf3 d6 3. d4 cxd4 4. Nxd4 Nf6 5. Nc3 g6 6. Be3 Bg7 7. f3 O-O 8. Qd2
Nc6 9. O-O-O d5 10. exd5 Nxd5 11. Nxc6 bxc6 12. Nxd5 cxd5 13. Bh6 Bxh6 14. Qxh6
Qa5 15. Kb1 Bf5 16. Bd3 Bxd3 17. Rxd3 Rab8 18. h4 Qb6 19. b3 Qf6 20. Rxd5 Rfd8
21. Rxd8+ Rxd8 22. Qe3 Rd7 23. h5 gxh5 24. Qc5 Rd2 25. Qxh5 Rxg2 26. Qxh7+ Kf8
27. Qh3 Rg6 28. Qc8+ Kg7 29. Qh8# 1-0

[Event "4NCL Division Four"]
[Site "Daventry, ENG"]
[Date "2023.01.07"]
[Round "3.158"]
[White "Tringali, Alessandro"]
[Black "Haria-Skuse, Ashwina"]
[Result "1/2-1/2"]
[WhiteElo "1704"]
[BlackElo "1415"]
[PlyCount "103"]
[EventDate "2023.01.07"]
[WhiteTeam "Oxford 4"]
[BlackTeam "She Plays To Win Lionesses"]

1. e4 e6 2. d4 d5 3. Nd2 dxe4 4. Nxe4 Nd7 5. Nf3 Ngf6 6. Nxf6+ Nxf6 7. g3 b6 8.
Bb5+ Bd7 9. a4 a6 10. Bxd7+ Qxd7 11. Ne5 Qd5 12. Qf3 Bd6 13. c4 Qxf3 14. Nxf3
c5 15. O-O O-O 16. h3 Rac8 17. b3 cxd4 18. Nxd4 Rfd8 19. Be3 Ne4 20. Nf3 Nc5
21. Bxc5 Bxc5 22. Rfd1 Kf8 23. Kf1 Ke7 24. Ke2 Rc7 25. Rxd8 Kxd8 26. Rd1+ Ke7
27. Ng5 h6 28. Ne4 Rd7 29. Rxd7+ Kxd7 30. a5 Kc6 31. axb6 Bxb6 32. f3 a5 33.
Kd3 e5 34. g4 Bd4 35. Nc3 f6 36. Nd5 Bc5 37. Ke4 Kd7 38. f4 Bd6 39. fxe5 fxe5
40. Ne3 Ke6 41. h4 g6 42. h5 gxh5 43. gxh5 Bf8 44. Ng4 Bg7 45. c5 Bf8 46. c6
Bg7 47. c7 Kd7 48. c8=Q+ Kxc8 49. Nxe5 Kb7 50. Ng4 Kb6 51. Kd3 Kb5 52. Kc2
1/2-1/2

[Event "4NCL Division Four"]
[Site "Daventry, ENG"]
[Date "2023.01.07"]
[Round "3.159"]
[White "Roy, Anika Rachna"]
[Black "Richardson, Ewan"]
[Result "0-1"]
[WhiteElo "1342"]
[BlackElo "1630"]
[PlyCount "52"]
[EventDate "2023.01.07"]
[WhiteTeam "She Plays To Win Lionesses"]
[BlackTeam "Oxford 4"]

1. d4 Nf6 2. c4 b6 3. f3 Nc6 4. d5 Ne5 5. e4 e6 6. Qd4 Ng6 7. Bg5 Bc5 8. Qc3
Nxe4 9. Bxd8 Nxc3 10. Nxc3 Kxd8 11. O-O-O Re8 12. Bd3 Ne5 13. Be4 Nxc4 14. dxe6
Rb8 15. exf7 Rf8 16. Bxh7 Rxf7 17. Bg8 Rf4 18. g3 Be3+ 19. Kc2 Bxg1 20. Rdxg1
Rd4 21. Nb5 Ne3+ 22. Kb1 Rd2 23. Nxa7 Bb7 24. Re1 Bxf3 25. Rhf1 Be4+ 26. Kc1
Rc2+ 0-1